آزادی کا قرض / (Record no. 195719)

MARC details
000 -LEADER
fixed length control field 00581nam a22001937a 4500
005 - DATE AND TIME OF LATEST TRANSACTION
control field 20230419095937.0
010 ## - LCCN (DPL NO)
LC control number UR-11945
020 ## - INTERNATIONAL STANDARD BOOK NUMBER
Terms of availability 200.00
035 ## - SYSTEM CONTROL NUMBER
System control number U-10500
037 ## - SOURCE OF ACQUISITION
Source of stock number/acquisition DBAD/PUB
082 ## - DEWEY DECIMAL CLASSIFICATION NUMBER
Classification number 954.0841
100 ## - MAIN ENTRY--PERSONAL NAME
Personal name مرتضا اقبال
245 ## - TITLE STATEMENT
Title آزادی کا قرض /
Statement of responsibility, etc مرتضا اقبال
246 ## - VARYING FORM OF TITLE
Title proper/short title Azaadi ka Karz /
Remainder of title by Murtaza Iqbal
260 ## - PUBLICATION, DISTRIBUTION, ETC. (IMPRINT)
Place of publication, distribution, etc Muradabad
Name of publisher, distributor, etc M.Y. Shiksha
Date of publication, distribution, etc 2013 ء
270 ## - ADDRESS
Address Samaj Kalyan, Gramin Vikas, Khwaja Nagri, Dhimri
City Muradabad
300 ## - PHYSICAL DESCRIPTION
Extent ص
Dimensions 22cm(Hb)
942 ## - ADDED ENTRY ELEMENTS (KOHA)
Source of classification or shelving scheme Dewey Decimal Classification
Item type Urdu Bks
Classification part 954.0841
Call number suffix م ر ت
Holdings
Withdrawn status Lost status Not for loan Collection code Home library Current library Date acquired Source of acquisition Cost, normal purchase price Full call number Barcode Copy number Cost, replacement price Koha item type
      Non-fiction Sarojini Nagar Sarojini Nagar 19/04/2023 DBAD/PUB 200.00 954.0841 م ر ت U-10500 1 200.00 Urdu Bks

© Delhi Public Library
Hit Counter
free hit counter